[Event "Nueva Gerona 15 May Cup"]
[Site "Nueva Gerona"]
[Date "2009.05.22"]
[Round "15"]
[White "Gonzalez Vega, Alejandro"]
[Black "Jimenez Arias, Erick"]
[Result "1-0"]
[WhiteElo "2219"]
[BlackElo "2174"]
[PlyCount "109"]
[EventDate "2009.05.13"]
[EventType "tourn"]
[EventRounds "22"]
[EventCountry "CUB"]
[SourceTitle "EXT 2020"]
[Source "ChessBase"]
[SourceDate "2019.10.17"]
[SourceVersion "1"]
[SourceVersionDate "2019.10.17"]
[SourceQuality "1"]

1. e4 e6 2. d4 d5 3. e5 c5 4. c3 Qb6 5. Nf3 Nc6 6. Be2 cxd4 7. cxd4 Nge7 8. Na3 Nf5 9. Nc2 Bb4+ 10. Kf1 Be7 11. b4 Bd7 12. a3 0-0 13. Bb2 f6 14. g4 Nh6 15. exf6 Rxf6 16. g5 Rxf3 17. Bxf3 Bxg5 18. Rg1 Bf6 19. Qd2 Nf5 20. Rd1 Qc7 21. h3 Nce7 22. Bg4 Rc8 23. Ne3 Qh2 24. Qe2 Bb5 25. Qxb5 Nxe3+ 26. Ke2 Nxg4 27. hxg4 Bh4 28. Rgf1 Qf4 29. Ke1 Qxg4 30. Rc1 Rxc1+ 31. Bxc1 Qe4+ 32. Qe2 Nf5 33. Qxe4 dxe4 34. Ke2 Bf6 35. Be3 h5 36. Rd1 Kf7 37. Rc1 h4 38. Rc7+ Kg8 39. Rxb7 h3 40. Kf1 Nxe3+ 41. fxe3 Bg5 42. Rxa7 Bxe3 43. Re7 Bxd4 44. Rxe6 e3 45. Re4 e2+ 46. Rxe2 g5 47. Re4 Ba7 48. Re8+ Kf7 49. Rh8 Kg6 50. Rxh3 g4 51. Rd3 Kf5 52. a4 Ke4 53. Rd7 Bd4 54. a5 Bc3 55. a6 1-0

[Event "Nueva Gerona 15 May Cup"]
[Site "Nueva Gerona"]
[Date "2009.05.16"]
[Round "6"]
[White "Bezanilla Sanchez, Alexis"]
[Black "Jimenez Arias, Erick"]
[Result "1/2-1/2"]
[WhiteElo "2279"]
[BlackElo "2174"]
[PlyCount "179"]
[EventDate "2009.05.13"]
[EventType "tourn"]
[EventRounds "22"]
[EventCountry "CUB"]
[SourceTitle "EXT 2020"]
[Source "ChessBase"]
[SourceDate "2019.10.17"]
[SourceVersion "1"]
[SourceVersionDate "2019.10.17"]
[SourceQuality "1"]

1. b3 g6 2. Bb2 Nf6 3. Nf3 Bg7 4. g3 c5 5. c4 Nc6 6. Bg2 0-0 7. Nc3 d6 8. 0-0 Bf5 9. d4 cxd4 10. Nxd4 Nxd4 11. Qxd4 Qd7 12. Rad1 Ng4 13. Qd2 Rfc8 14. e4 Be6 15. a3 Qd8 16. Nd5 Bxb2 17. Qxb2 Qd7 18. Qd2 Rc5 19. Rfe1 Rac8 20. h3 Ne5 21. Qh6 f6 22. Rd4 b5 23. cxb5 Rxb5 24. b4 Rb7 25. Re2 Qa4 26. Ra2 Qb3 27. Ra1 Qb2 28. Rdd1 Bxd5 29. exd5 Rbc7 30. Qe3 Qc3 31. Re1 Nd3 32. Red1 Nb2 33. Re1 Qxe3 34. Rxe3 Rc1+ 35. Re1 Rxa1 36. Rxa1 Kf7 37. Ra2 Rc1+ 38. Bf1 Na4 39. Rd2 Nc3 40. Rd3 f5 41. f4 Kf6 42. Kg2 h5 43. h4 Kf7 44. Kh2 Ne4 45. Bg2 Rc2 46. Rd4 Kf6 47. Rd3 Nd2 48. a4 Ne4 49. Rb3 Rc1 50. Rb2 Nc3 51. a5 Nb5 52. Kh3 a6 53. Bf3 Nd4 54. Kg2 Rc3 55. Bd1 Rd3 56. Ba4 Ra3 57. Be8 Rc3 58. Kf2 Rf3+ 59. Kg2 Ra3 60. Rd2 Nb5 61. Bxb5 axb5 62. Rc2 Ra1 63. Rc3 Ra4 64. Rb3 e5 65. dxe6 Kxe6 66. Kf2 Kd5 67. Rd3+ Kc6 68. Rd4 Ra2+ 69. Ke3 Rg2 70. Kf3 Rb2 71. Ke3 Rb3+ 72. Kf2 Kc7 73. Kg2 Rb2+ 74. Kf3 Kd7 75. Ke3 Rb3+ 76. Kf2 Kc6 77. Kg2 d5 78. Kf2 Rb2+ 79. Ke3 Kd6 80. Kf3 Ra2 81. Ke3 Rg2 82. Kf3 Rb2 83. Ke3 Rb3+ 84. Kf2 Kc6 85. Kg2 Rb2+ 86. Kf3 Rb3+ 87. Kf2 Rb2+ 88. Kf3 Rb3+ 89. Kg2 Rb2+ 90. Kf3 1/2-1/2

[Event "Nueva Gerona 15 May Cup"]
[Site "Nueva Gerona"]
[Date "2009.05.15"]
[Round "4"]
[White "Jimenez Arias, Erick"]
[Black "Gonzalez Vega, Alejandro"]
[Result "1/2-1/2"]
[WhiteElo "2174"]
[BlackElo "2219"]
[PlyCount "267"]
[EventDate "2009.05.13"]
[EventType "tourn"]
[EventRounds "22"]
[EventCountry "CUB"]
[SourceTitle "EXT 2020"]
[Source "ChessBase"]
[SourceDate "2019.10.17"]
[SourceVersion "1"]
[SourceVersionDate "2019.10.17"]
[SourceQuality "1"]

1. d4 d5 2. c4 c6 3. Nc3 Nf6 4. e3 e6 5. Nf3 Nbd7 6. Bd3 dxc4 7. Bxc4 b5 8. Bd3 Bb7 9. 0-0 b4 10. Ne4 Be7 11. Nxf6+ Nxf6 12. e4 0-0 13. Qe2 c5 14. dxc5 Nd7 15. c6 Bxc6 16. Be3 Bb7 17. Rac1 Qa5 18. Rfd1 Rfd8 19. Nd2 Ne5 20. Bb1 Ba6 21. Qh5 Qb5 22. b3 Rd7 23. f4 Nd3 24. Qxb5 Bxb5 25. Bxd3 Rxd3 26. Re1 Bh4 27. g3 Be7 28. e5 a5 29. Ne4 a4 30. Bc5 Bd8 31. Re3 axb3 32. axb3 Rc8 33. Rxd3 Bxd3 34. Nf2 Be2 35. Kg2 Bb5 36. Kf3 Bb6 37. Be3 Rxc1 38. Bxc1 Bc6+ 39. Ke2 Bd5 40. Bd2 Bxb3 41. Bxb4 Bc4+ 42. Kf3 f5 43. exf6 Bd5+ 44. Ke2 gxf6 45. Bc3 Kf7 46. Ng4 Bc4+ 47. Kf3 Bd8 48. Ne3 Bd3 49. Ng4 Bb5 50. Ke3 Kg6 51. Bd4 Bc6 52. Nf2 Bb7 53. g4 f5 54. Bc5 Ba6 55. Bd4 Bh4 56. Bh8 Bxf2+ 57. Kxf2 fxg4 58. Be5 Kf5 59. Kg3 Bd3 60. Kh4 Be2 61. Bc7 Bf3 62. Bd6 Bd1 63. Bc7 Be2 64. Bb8 Kf6 65. Be5+ Kg6 66. Bc7 h5 67. Ba5 Bd3 68. Bc7 Bb5 69. Be5 Be8 70. Bd6 Bd7 71. Bc7 Ba4 72. Ba5 Be8 73. Bc3 Kf5 74. Bd2 Bf7 75. Kg3 Ke4 76. Bc3 Bg6 77. Be5 Ke3 78. Bf6 Bd3 79. Be5 Bb1 80. Bg7 Bf5 81. Bf6 Bc2 82. Bg7 Ke4 83. Bc3 Bb3 84. Bf6 Bc4 85. Be5 Bb5 86. Bg7 Bf1 87. Bb2 Ba6 88. Bc3 Ke3 89. Bb2 Bb5 90. Bc3 Be2 91. Bf6 Bf3 92. Bg7 Bd5 93. Bc3 Bc6 94. Bf6 Ke4 95. Bg7 Bd5 96. Be5 Bc4 97. Bf6 Bd3 98. Bc3 Ba6 99. Bd2 Bb5 100. Kh4 Kf3 101. Kxh5 Bd3 102. Kh4 Bf5 103. Be1 Kxf4 104. Bd2+ Kf3 105. Kg5 Ke4 106. Bc1 Kd5 107. Kf4 Kd6 108. Be3 Kc6 109. Bd2 Kc5 110. Ke5 Kc4 111. Be3 Kd3 112. Bd4 Ke2 113. Kf4 Kf1 114. Kg3 Ke1 115. Bg7 Ke2 116. Kf4 Kf2 117. Be5 Kg2 118. Ke3 Bc2 119. Bg3 Bb3 120. Kf4 Kh3 121. Ke5 Bc4 122. Ke4 Ba2 123. Ke5 Bb3 124. Kd4 Bd5 125. Ke5 Ba2 126. Ke4 Bc4 127. Kd4 Ba6 128. Ke5 Bc8 129. Kf6 Kg2 130. Kg5 Kf3 131. Kf6 Ke4 132. Kg5 e5 133. Kf6 Ba6 134. Bxe5 1/2-1/2

[Event "Nueva Gerona 15 May Cup"]
[Site "Nueva Gerona"]
[Date "2009.05.14"]
[Round "3"]
[White "Gonzalez Espin, Johandry"]
[Black "Jimenez Arias, Erick"]
[Result "1-0"]
[WhiteElo "2298"]
[BlackElo "2174"]
[PlyCount "115"]
[EventDate "2009.05.13"]
[EventType "tourn"]
[EventRounds "22"]
[EventCountry "CUB"]
[SourceTitle "EXT 2020"]
[Source "ChessBase"]
[SourceDate "2019.10.17"]
[SourceVersion "1"]
[SourceVersionDate "2019.10.17"]
[SourceQuality "1"]

1. g3 g6 2. c4 c5 3. Bg2 Bg7 4. Nc3 Nc6 5. d3 e6 6. e4 Nge7 7. Nge2 d6 8. 0-0 0-0 9. a3 b6 10. Rb1 Bb7 11. b4 Qd7 12. b5 Nd4 13. Nxd4 cxd4 14. Ne2 f5 15. Nf4 e5 16. Nd5 fxe4 17. dxe4 Rac8 18. Qe2 Nxd5 19. cxd5 Rc3 20. a4 Qc7 21. Bd2 Rc2 22. Rbc1 Rc5 23. Qd3 Qc8 24. Ra1 Qd7 25. f4 exf4 26. gxf4 Qg4 27. Rf3 Rc7 28. Raf1 Qh5 29. a5 Bc8 30. Bb4 Rd8 31. Bh3 Bf6 32. Rg3 Bxh3 33. Rxh3 Qg4+ 34. Rg3 Qh5 35. Kh1 Rdc8 36. axb6 Rc2 37. Rh3 Qg4 38. Rg1 Rc1 39. Rhg3 Rxg1+ 40. Kxg1 Qd7 41. bxa7 Qxa7 42. Rf3 Qd7 43. h3 Rb8 44. Rf2 Bg7 45. Kh2 Qe7 46. Kg2 Qf6 47. Qc4 Bf8 48. Qc6 Qd8 49. e5 d3 50. e6 Qb6 51. Qxb6 Rxb6 52. Ra2 d2 53. Bxd2 Rb8 54. b6 Be7 55. Bc3 Bf8 56. Ra7 Rxb6 57. Ra8 Rb7 58. Bf6 1-0